000
00319nam a2200121Ia 4500
008
190415s9999 xx 000 0 und d
082
_a
RS.0205
100
_a
Satyabhama, S.
245
0
_a
Institutional agricultural credit (short term loans) and crop production with sp
260
_c
0
300
_a
195p.
942
_c
BK
999
_c
15776
_d
15776